Impuestos internos (Registro nro. 5603)

Detalles MARC
000 -LEADER
fixed length control field 01075 a2200205 4500
001 - CONTROL NUMBER
control field 54521
005 - DATE AND TIME OF LATEST TRANSACTION
control field 20260407155818.0
008 - FIXED-LENGTH DATA ELEMENTS--GENERAL INFORMATION
fixed length control field 260407a1992 arg spa d
003 - CONTROL NUMBER IDENTIFIER
control field AR-UNSa-BCEJYS
040 ## - CATALOGING SOURCE
Original cataloging agency AR-UNSa-BCEJYS
Language of cataloging spa
Transcribing agency AR-UNSa-BCEJYS
080 ## - UNIVERSAL DECIMAL CLASSIFICATION NUMBER
Universal Decimal Classification number 336.226.331
Common auxiliary subdivision Impuestos sobre comestibles, bebidas y tabaco (Impuestos Internos)
020 ## - INTERNATIONAL STANDARD BOOK NUMBER
International Standard Book Number 950-739-058-8
245 10 - TITLE STATEMENT
Title Impuestos internos
250 ## - EDITION STATEMENT
Edition statement 7a.ed.
264 #1 - PRODUCTION, PUBLICATION, DISTRIBUTION, MANUFACTURE, AND COPYRIGHT NOTICE
Place of production, publication, distribution, manufacture Buenos Aires :
Name of producer, publisher, distributor, manufacturer Errepar
Date of production, publication, distribution, manufacture, or copyright notice 1992
300 ## - PHYSICAL DESCRIPTION
Extent 19 p.
Dimensions 22 cm.
505 ## - FORMATTED CONTENTS NOTE
Formatted contents note Título I - I. Disposiciones generales - II. Tabaco - III. Alcoholes - IV. Bebidas alcoholicas - V. Cubiertas para neumáticos - VI. Combustibles y aceites lubricantes - VII. Vinos - VIII. Cervezas - Título II - I. Disposiciones generales - II. Artículos de tocador - III. Objetos suntuarios - IV. Seguros - V. Bebidas analcoholicas,jarabes,extractos y concentrados - VI. Otros bienes y servicios - VII. Vehículos automóviles y motores - Títulos III: Disposiciones comunes a los títulos I y II
590 ## - LOCAL NOTE (RLIN)
Local note niveau_biblio:m niveau_hierar:0
942 ## - ADDED ENTRY ELEMENTS (KOHA)
Koha item type
Existencias
Withdrawn status Lost status Damaged status Not for loan Home library Current library Shelving location Date acquired Total checkouts Full call number Barcode Date last seen Price effective from Koha item type
        Biblioteca Prof. Eusebio Cleto del Rey Biblioteca Prof. Eusebio Cleto del Rey   07/04/2026   336.226.331 IMP 7ed. L65045 07/04/2026 07/04/2026 Libro